000 01119nam0a22002771 4500
001 v19\rc\1860767
005 20260405144943.0
035 _a(NLR Aleph) 005259167
090 _a5883635
_c5883635
100 _a20080221d1909 |||y0rusy50 ca
101 0 _arus
102 _aRU
105 _aa z |||||
200 1 _aКиргизский народ в прошлом и настоящем
_fСост. П.П. Румянцев
_gПереселенческ. упр. Глав. упр. землеустройства и земледелия
210 _aСанкт-Петербург
_d1909
215 _a66 с.
_cтабл.
_d24
532 1 3 _aКиргизский народ в прошлом и настоящем
700 1 _4220
_8rus
_7ca
_aРумянцев
_bП. П.
_cстатистик, экономист
_f1870-1925
_gПетр Петрович
_3RU\NLR\AUTH\7760465
_943396
801 0 _aRU
_bNLR
_c20080221
_gpsbo
801 0 _aRU
_bRuMoRGB
_c20080221
_2psbo
801 1 _aRU
_bProSoft-M
_c20080221
_2rusmarc
801 2 _aRU
_bNLR
_c20120203
_2rusmarc
852 _aNLR
_j38/2054
942 _cBOOK
980 _aNB